| LEADER 00000nam 2200000uu 4500 |
| 001 13399115319 |
| 003 BCNR |
| 008 120126s2551||||th 000 0 tha d |
| 020 9789742128395
|
| 060 04 WB327^bอ958ช 2551
|
| 100 0 แอลลาไดซ์, พาเมลา
|
| 245 10 ชีวิตนี้ดีจัง =^bFell Good : little changes to simplifyyour complicated life /^cPamela allardice, Pamela Allardice ; จุรีรัตน์ ดาดวง[แปลและเรียบเรียง]
|
| 246 31 Fell Good :^blittle changes to simplify your complicatedlife
|
| 260 กรุงเทพฯ :^bพิมพ์ดี,^c2551
|
| 300 0284 หน้า :^bภาพประกอบ ;^c21 ซม.
|
| 650 4 การดูแลสุขภาพด้วยตนเอง
|
| 650 4 สุขภาพกับความงาม
|
| 650 4 การรักษาด้วยธรรมชาติ
|
| 650 4 รูปแบบการดำเนินชีวิต
|
| 700 1 Allardice, Pamela^eผู้แต่ง
|
| 700 0 จุรีรัตน์ ดาดวง,^eผู้แปล
|
| 999 ^aบรรณารักษ์
|